Songs to Artist Random - Statistics

General Stats
  • This quiz has been taken 23 times
    21 since last reset
  • The average score is 10 of 17
Answer Stats
Hint Answer % Correct
Africa Toto
100%
Smells Like Teen Spirit Nirvana
94%
Goodbye Yellow Brick Road Elton John
76%
Enter Sandman Metallica
76%
All along the Watchtower Jimi Hendrix
71%
Immigrant song Led Zeppelin
71%
I am the Walrus Beatles
65%
Money Pink Floyd
65%
Paint it Black Rolling stones
65%
Sunday Bloody Sunday U2
59%
Pumped Up Kicks Foster the People
53%
Psycho Killer Talking Heads
53%
Bicycle Queen
41%
Up around the Bend CCR
35%
Goodnight Saigon Billy Joel
24%
Angry Chair Alice in Chains
18%
Fire on the Mountain Grateful Dead
18%
No matching quizzes found
Score Distribution
Percent of People with Each Score
Percentile by Number Answered
Your Score History
You have not taken this quiz since the last reset